[Event "POL-chT U20 2nd League"]
[Site "Sypniewo"]
[Date "2025.06.23"]
[Round "6.2"]
[White "Zareba, Piotr"]
[Black "Baran, Szymon"]
[Result "1-0"]
[WhiteElo "2080"]
[BlackElo "1827"]
[PlyCount "129"]
[EventDate "2025.06.18"]
[EventType "team-swiss"]
[EventRounds "9"]
[EventCountry "POL"]
[SourceTitle "CB27_2025"]
[SourceDate "2025.07.02"]
[SourceVersion "1"]
[SourceVersionDate "2025.07.02"]
[SourceQuality "1"]
[WhiteTeam "Szczecin Gryf"]
[BlackTeam "Jastrzębie Zdroj Pionier II"]
[WhiteTeamCountry "POL"]
[BlackTeamCountry "POL"]

1. e4 c5 2. Nf3 e6 3. d4 cxd4 4. Nxd4 Nc6 5. a3 Nf6 6. Nc3 Qc7 7. Be3 a6 8. f4 d6 9. Qf3 Be7 10. Nxc6 Qxc6 11. 0-0-0 h5 12. h3 b5 13. Bd4 Bb7 14. Bd3 h4 15. Rhg1 Qc7 16. Qf2 e5 17. Bb6 Qc8 18. fxe5 dxe5 19. Nd5 Bxd5 20. exd5 Nd7 21. Bf5 g6 22. Bxd7+ Qxd7 23. d6 Bg5+ 24. Be3 Bxe3+ 25. Qxe3 Rh5 26. Rd5 f6 27. Qe4 Kf7 28. Rc5 Ra7 29. Rd1 Rh8 30. Kb1 Kg7 31. Rd3 a5 32. Qd5 b4 33. Rxa5 Rxa5 34. Qxa5 bxa3 35. Qc7 Rd8 36. Qxd7+ Rxd7 37. c4 Kf7 38. c5 Ke6 39. b4 e4 40. Rd2 f5 41. Ka2 f4 42. Kxa3 e3 43. Rc2 Ra7+ 44. Kb3 Kd5 45. b5 e2 46. Rxe2 Kxc5 47. Re5+ Kxd6 48. Rg5 Re7 49. Rxg6+ Kc5 50. Rg5+ Kb6 51. Kc4 Re3 52. Rg6+ Kc7 53. Kd4 Re2 54. Kd3 f3 55. gxf3 Rh2 56. Ke3 Rxh3 57. Rh6 Rh1 58. f4 h3 59. Kf2 Kd7 60. b6 Ke7 61. b7 Rb1 62. Kg3 Rb3+ 63. Kh2 Kf7 64. Rh8 Rb2+ 65. Kxh3 1-0

[Event "POL-chT U20 2nd League"]
[Site "Sypniewo"]
[Date "2025.06.22"]
[Round "5.2"]
[White "Zenker, Bernard"]
[Black "Zareba, Piotr"]
[Result "0-1"]
[WhiteElo "1864"]
[BlackElo "2080"]
[PlyCount "76"]
[EventDate "2025.06.18"]
[EventType "team-swiss"]
[EventRounds "9"]
[EventCountry "POL"]
[SourceTitle "CB27_2025"]
[SourceDate "2025.07.02"]
[SourceVersion "1"]
[SourceVersionDate "2025.07.02"]
[SourceQuality "1"]
[WhiteTeam "Poznan Politechnika"]
[BlackTeam "Szczecin Gryf"]
[WhiteTeamCountry "POL"]
[BlackTeamCountry "POL"]

1. d4 Nf6 2. c4 e6 3. Nc3 Bb4 4. Qc2 0-0 5. a3 Bxc3+ 6. Qxc3 b6 7. Bg5 Bb7 8. f3 h6 9. Bh4 d5 10. e3 c5 11. dxc5 Nbd7 12. Bd3 Nxc5 13. Ne2 Nxd3+ 14. Qxd3 Ba6 15. 0-0 Bxc4 16. Qd2 Rc8 17. Rfc1 Bxe2 18. Qxe2 Qd7 19. Bxf6 gxf6 20. Qf2 Rxc1+ 21. Rxc1 Rc8 22. Rxc8+ Qxc8 23. Qd2 Qc4 24. h3 Kg7 25. Qf2 e5 26. Kh2 Qc5 27. Qg3+ Kh7 28. e4 d4 29. Qg4 Qc1 30. Qf5+ Kg7 31. Qg4+ Qg5 32. Qd7 Qf4+ 33. Kh1 h5 34. b4 Qe3 35. Qf5 d3 36. Qxh5 Qc1+ 37. Kh2 d2 38. Qg4+ Kf8 0-1

[Event "Krakow op-A 35th"]
[Site "Krakow"]
[Date "2025.01.04"]
[Round "9"]
[White "Oliinyk, Serafym"]
[Black "Zareba, Piotr"]
[Result "1-0"]
[WhiteElo "2207"]
[BlackElo "2103"]
[PlyCount "99"]
[EventDate "2024.12.27"]
[EventType "swiss"]
[EventRounds "9"]
[EventCountry "POL"]
[SourceTitle "CB02_2025"]
[SourceDate "2025.01.08"]
[SourceVersion "1"]
[SourceVersionDate "2025.01.08"]
[SourceQuality "1"]

1. e4 c6 2. d4 d5 3. e5 Bf5 4. h4 h5 5. Bd3 Bxd3 6. Qxd3 e6 7. Bg5 Qb6 8. Nd2 Qa6 9. c4 Ne7 10. Ne2 Nf5 11. Ng3 dxc4 12. Nxc4 Nxg3 13. fxg3 Bb4+ 14. Ke2 Nd7 15. a3 Be7 16. Bxe7 Kxe7 17. Rhf1 Nb6 18. Nd6 Qxd3+ 19. Kxd3 f6 20. Nxb7 Nd7 21. exf6+ gxf6 22. b4 Rhg8 23. Rf3 Rg4 24. Na5 e5 25. Ke2 exd4 26. Nxc6+ Ke6 27. Rd1 Re4+ 28. Kd3 Kd5 29. Rc1 Rc8 30. Ne7+ Rxe7 31. Rxc8 Ne5+ 32. Kd2 Nxf3+ 33. gxf3 Re3 34. Rc5+ Ke6 35. Rxh5 Rxf3 36. Ra5 Rxg3 37. Rxa7 Kd5 38. b5 Rh3 39. a4 Rxh4 40. b6 Rh2+ 41. Kd3 Rh3+ 42. Kc2 Rh2+ 43. Kb3 Kc6 44. a5 d3 45. b7 Rh1 46. Kc3 Rb1 47. a6 f5 48. Ra8 d2 49. Kxd2 Kc7 50. Rc8+ 1-0

[Event "Krakow op-A 35th"]
[Site "Krakow"]
[Date "2025.01.03"]
[Round "8"]
[White "Zareba, Piotr"]
[Black "Pattnayak, Nilsu"]
[Result "1-0"]
[WhiteElo "2103"]
[BlackElo "2161"]
[PlyCount "169"]
[EventDate "2024.12.27"]
[EventType "swiss"]
[EventRounds "9"]
[EventCountry "POL"]
[SourceTitle "CB02_2025"]
[SourceDate "2025.01.08"]
[SourceVersion "1"]
[SourceVersionDate "2025.01.08"]
[SourceQuality "1"]

1. Nf3 Nf6 2. c4 e6 3. g3 d5 4. Bg2 Be7 5. 0-0 0-0 6. d4 dxc4 7. Ne5 Nc6 8. Nxc6 bxc6 9. b3 cxb3 10. axb3 Bb7 11. Ba3 Nd5 12. Qc2 Nb4 13. Qc3 a5 14. Nd2 Ra7 15. Ne4 Ba6 16. Bf3 Bb5 17. Nc5 Nd5 18. Qd2 Nb6 19. Rfc1 a4 20. Bb4 Qa8 21. Ra3 axb3 22. Rca1 Rxa3 23. Rxa3 Qd8 24. Rxb3 e5 25. Nb7 Bxb4 26. Rxb4 Qe8 27. Nc5 exd4 28. Rxd4 Qe7 29. Nb3 c5 30. Rg4 c4 31. Nd4 Bd7 32. Rh4 c5 33. Nc2 Be6 34. Ne3 Rd8 35. Qb2 Qd6 36. Bg4 f6 37. Qb1 g6 38. Qa2 Ra8 39. Qc2 f5 40. Bf3 Rd8 41. Qb2 Rb8 42. Qa1 Bf7 43. Rf4 Rd8 44. h4 Be6 45. Qf6 Rf8 46. Qb2 Rf7 47. Qa1 Rd7 48. Qb2 Ra7 49. h5 Rf7 50. hxg6 hxg6 51. Rh4 Rh7 52. Qf6 Rg7 53. Rh6 Nd7 54. Qd8+ Qf8 55. Qh4 Qe7 56. Rh8+ Kf7 57. Qf4 Rg8 58. Nxf5 g5 59. Nxe7+ gxf4 60. Nxg8 Kg7 61. Rh6 Bxg8 62. Rd6 Ne5 63. gxf4 Nxf3+ 64. exf3 c3 65. Rc6 c2 66. Rxc5 Bh7 67. Kf1 Kf6 68. Ke1 Bd3 69. Kd2 Bh7 70. Rxc2 Bxc2 71. Kxc2 Kf5 72. Kd3 Kxf4 73. Ke2 Kf5 74. Ke3 Ke5 75. f4+ Kf5 76. Kf3 Kf6 77. Ke4 Ke6 78. f5+ Kf6 79. Kf4 Kf7 80. Ke5 Ke7 81. f6+ Kf7 82. Kf5 Kf8 83. Ke6 Ke8 84. f7+ Kf8 85. f3 1-0

[Event "Krakow op-A 35th"]
[Site "Krakow"]
[Date "2024.12.28"]
[Round "2"]
[White "Zareba, Piotr"]
[Black "Piekielny, Pawel"]
[Result "0-1"]
[WhiteElo "2103"]
[BlackElo "2286"]
[PlyCount "106"]
[EventDate "2024.12.27"]
[EventType "swiss"]
[EventRounds "9"]
[EventCountry "POL"]
[SourceTitle "CB02_2025"]
[SourceDate "2025.01.08"]
[SourceVersion "1"]
[SourceVersionDate "2025.01.08"]
[SourceQuality "1"]

1. e4 c6 2. d4 d5 3. exd5 cxd5 4. c4 Nf6 5. Nc3 Nc6 6. Nf3 a6 7. Bg5 Be6 8. Be2 g6 9. Bxf6 exf6 10. 0-0 Bg7 11. Rc1 0-0 12. cxd5 Bxd5 13. Nxd5 Qxd5 14. Bc4 Qd6 15. Qd2 Rad8 16. Rfd1 Rd7 17. a3 Rfd8 18. Qe2 Re7 19. Qc2 Bh6 20. Rb1 Rc7 21. Qe2 Rcd7 22. b4 Qc7 23. Qa2 Ne5 24. Nxe5 fxe5 25. d5 e4 26. Re1 Re7 27. Re2 Bf4 28. g3 Bd6 29. Bb3 f5 30. Rbe1 Kg7 31. Kg2 h5 32. f3 Rf8 33. Qc2 Qb8 34. Qd2 Be5 35. f4 Bd6 36. Qd4+ Kf7 37. Rc1 h4 38. Re3 Qd8 39. Rec3 Rd7 40. Qe3 Qf6 41. R1c2 Rg8 42. Rc8 Rg7 43. Qb6 hxg3 44. Ba4 Rh7 45. Bxd7 Rxh2+ 46. Kg1 Qa1+ 47. Rc1 Qb2 48. Be6+ Kg7 49. Rg8+ Kh6 50. Rh8+ Qxh8 51. Qe3 Qb2 52. Qxg3 Qxc1+ 53. Kxh2 Bxf4 0-1

[Event "POL-ch Rapid"]
[Site "Lublin"]
[Date "2024.10.05"]
[Round "5"]
[White "Zareba, Piotr"]
[Black "Plichta, Kamil"]
[Result "0-1"]
[WhiteElo "2192"]
[BlackElo "2373"]
[PlyCount "100"]
[EventDate "2024.10.05"]
[EventType "swiss (rapid)"]
[EventRounds "9"]
[EventCountry "POL"]
[SourceTitle "CB45_2024"]
[Source "ChessBase"]
[SourceDate "2024.11.06"]
[SourceVersion "1"]
[SourceVersionDate "2024.11.06"]
[SourceQuality "1"]

1. e4 c5 2. Nf3 e6 3. d4 cxd4 4. Nxd4 Nf6 5. Nc3 Nc6 6. a3 Be7 7. Be3 0-0 8. Be2 d6 9. 0-0 e5 10. Nb3 Be6 11. Bf3 Na5 12. Nxa5 Qxa5 13. Bg5 Rfd8 14. Bxf6 Bxf6 15. Bg4 Rac8 16. Bxe6 fxe6 17. Qg4 Re8 18. Rad1 Qb6 19. Ne2 Rxc2 20. Ng3 g6 21. h4 Rc7 22. h5 Rg7 23. h6 Rf7 24. Rd2 Bd8 25. Rfd1 Bc7 26. Rf1 Rf4 27. Qh3 Qc6 28. Rfd1 Qd7 29. f3 Qe7 30. Ne2 Rh4 31. Qg3 Bb6+ 32. Kf1 Rh1+ 33. Ng1 Rxg1+ 34. Ke2 Rxd1 35. Rxd1 Bd4 36. Rc1 Bxb2 37. Rc2 Bxa3 38. Qg4 Bc5 39. f4 exf4 40. Kf3 b6 41. Rd2 a5 42. g3 fxg3 43. Kxg3 Rf8 44. Rd1 a4 45. e5 d5 46. Rd3 a3 47. Rf3 Rxf3+ 48. Kxf3 Qf7+ 49. Kg3 Qf2+ 50. Kh3 Qf5 0-1

[Event "POL-chT 2nd League"]
[Site "Jastrzebia Gora"]
[Date "2024.09.05"]
[Round "6.34"]
[White "Zareba, Piotr"]
[Black "Wlodarczak, Damian"]
[Result "1-0"]
[WhiteElo "2062"]
[BlackElo "1871"]
[PlyCount "55"]
[EventDate "2024.08.31"]
[EventType "team-swiss"]
[EventRounds "9"]
[EventCountry "POL"]
[SourceTitle "EXT 2025"]
[Source "ChessBase"]
[SourceDate "2024.10.14"]
[SourceVersion "1"]
[SourceVersionDate "2024.10.14"]
[SourceQuality "1"]
[WhiteTeam "Szczecin Gryf"]
[BlackTeam "Srem Piast"]
[WhiteTeamCountry "POL"]
[BlackTeamCountry "POL"]

1. e4 e5 2. Nf3 Nc6 3. Bc4 Nf6 4. d3 Bc5 5. c3 a5 6. Nbd2 0-0 7. 0-0 d5 8. exd5 Nxd5 9. Re1 Bg4 10. Ne4 Be7 11. h3 Bc8 12. a4 h6 13. Ng3 Nb6 14. Bb3 Bd6 15. Be3 Kh7 16. d4 exd4 17. Nxd4 Nxd4 18. Bxd4 Nd7 19. Bc2+ g6 20. Ne4 f5 21. Nxd6 cxd6 22. Qf3 Nf6 23. Re2 d5 24. Bxf6 Rxf6 25. Rae1 Bd7 26. Re7+ Kh8 27. Qf4 g5 28. Qd4 1-0

[Event "Wroclaw op-A"]
[Site "Wroclaw"]
[Date "2024.08.13"]
[Round "8"]
[White "Zareba, Piotr"]
[Black "Chojnacki, Krzysztof"]
[Result "1/2-1/2"]
[WhiteElo "2062"]
[BlackElo "2290"]
[PlyCount "54"]
[EventDate "2024.08.08"]
[EventType "swiss"]
[EventRounds "9"]
[EventCountry "POL"]
[SourceTitle "EXT 2025"]
[Source "ChessBase"]
[SourceDate "2024.10.14"]
[SourceVersion "1"]
[SourceVersionDate "2024.10.14"]
[SourceQuality "1"]

1. e4 c5 2. Nf3 d6 3. Bb5+ Bd7 4. Bxd7+ Nxd7 5. 0-0 Ngf6 6. Re1 e6 7. c3 Be7 8. d4 0-0 9. e5 Ne8 10. Bf4 Rc8 11. exd6 Bxd6 12. Bxd6 Nxd6 13. Nbd2 Nf6 14. dxc5 Rxc5 15. Qe2 Qc7 16. Ne5 Nf5 17. Ndf3 Rd5 18. Rad1 h6 19. c4 Rxd1 20. Rxd1 Rd8 21. Rd3 Qb6 22. b3 Nd4 23. Qd1 Nxf3+ 24. Nxf3 Rxd3 25. Qxd3 Qa5 26. Qd2 Qf5 27. h3 b6 1/2-1/2

[Event "Warsaw Najdorf Memorial op-A"]
[Site "Warsaw"]
[Date "2024.07.15"]
[Round "7"]
[White "Jarzebowski, Kacper"]
[Black "Zareba, Piotr"]
[Result "0-1"]
[WhiteElo "2131"]
[BlackElo "2003"]
[PlyCount "72"]
[EventDate "2024.07.09"]
[EventType "swiss"]
[EventRounds "9"]
[EventCountry "POL"]
[SourceTitle "EXT 2025"]
[Source "ChessBase"]
[SourceDate "2024.10.14"]
[SourceVersion "1"]
[SourceVersionDate "2024.10.14"]
[SourceQuality "1"]

1. e4 e5 2. Nf3 Nc6 3. Bb5 a6 4. Ba4 b5 5. Bb3 Bb7 6. d3 Be7 7. 0-0 Nf6 8. Bd2 0-0 9. a4 b4 10. a5 d5 11. exd5 Nxd5 12. Re1 Nd4 13. Nxd4 exd4 14. Qg4 Bf6 15. Bxd5 Qxd5 16. Bxb4 Rfe8 17. Na3 h5 18. Qh3 Bh4 19. Nc4 g5 20. Qf3 Qb5 21. Qxh5 Qxb4 22. Ne5 Re7 23. g3 Qxb2 24. Ng4 Qc3 25. Nf6+ Kg7 26. Qh7+ Kxf6 27. Qh6+ Kf5 28. Qh7+ Kg4 29. Rf1 Qc5 30. f3+ Kh3 31. gxh4 g4 32. Qg7 f5 33. Qg5 Qe5 34. Rf2 Rg7 35. Qc1 gxf3+ 36. Kh1 Rg2 0-1

[Event "Warsaw Maciei Memorial Blitz"]
[Site "Warsaw"]
[Date "2024.07.08"]
[Round "9"]
[White "Skurniak, Szymon"]
[Black "Zareba, Piotr"]
[Result "1-0"]
[WhiteElo "2095"]
[BlackElo "2003"]
[PlyCount "89"]
[EventDate "2024.07.08"]
[EventType "swiss (blitz)"]
[EventRounds "11"]
[EventCountry "POL"]
[SourceTitle "CBM 221 Extra"]
[Source "ChessBase"]
[SourceDate "2024.09.30"]
[SourceVersion "1"]
[SourceVersionDate "2024.09.30"]
[SourceQuality "1"]

1. e4 c6 2. Nf3 g6 3. d4 Bg7 4. Nc3 d5 5. h3 dxe4 6. Nxe4 Nf6 7. Nxf6+ Bxf6 8. Bh6 Be6 9. c3 Nd7 10. Bd3 Qc7 11. 0-0 0-0-0 12. Qa4 Kb8 13. Rfe1 Bf5 14. Bc4 Nb6 15. Qb3 Nxc4 16. Qxc4 Be6 17. Qa4 Rhg8 18. d5 Bxd5 19. Bf4 Rd6 20. Bxd6 Qxd6 21. Rad1 Qc7 22. Qg4 h5 23. Qg3 Bxf3 24. gxf3 e5 25. Re4 Ka8 26. f4 Re8 27. Rde1 Re6 28. fxe5 Be7 29. Qf3 Bc5 30. b4 Bb6 31. c4 a5 32. c5 Ba7 33. a3 Bb8 34. Qc3 f6 35. bxa5 Rxe5 36. Rxe5 fxe5 37. Re4 Qf7 38. Qc4 Qf3 39. a6 Qd1+ 40. Kg2 g5 41. axb7+ Kxb7 42. Qf7+ Ka6 43. Rb4 Qd5+ 44. Qxd5 cxd5 45. Rxb8 1-0

[Event "Warsaw Maciei Memorial Blitz"]
[Site "Warsaw"]
[Date "2024.07.08"]
[Round "6"]
[White "Zareba, Piotr"]
[Black "Grochulski, Grzegorz"]
[Result "0-1"]
[WhiteElo "2003"]
[BlackElo "2003"]
[PlyCount "76"]
[EventDate "2024.07.08"]
[EventType "swiss (blitz)"]
[EventRounds "11"]
[EventCountry "POL"]
[SourceTitle "CBM 221 Extra"]
[Source "ChessBase"]
[SourceDate "2024.09.30"]
[SourceVersion "1"]
[SourceVersionDate "2024.09.30"]
[SourceQuality "1"]

1. b3 e5 2. Bb2 Nc6 3. c4 f5 4. d3 Nf6 5. Nd2 d5 6. cxd5 Nxd5 7. Ngf3 Bd6 8. g3 Be6 9. Bg2 g5 10. a3 g4 11. Nh4 Be7 12. Nxf5 Bxf5 13. e4 Be6 14. exd5 Bxd5 15. Ne4 Qd7 16. Qc2 0-0-0 17. 0-0-0 Kb8 18. Kb1 Na5 19. Rc1 Nxb3 20. Bxe5 Nxc1 21. Rxc1 Bxa3 22. Bxc7+ Ka8 23. Bxd8 Bxc1 24. Nf6 Qxd8 25. Nxd5 Ba3 26. Qc3 Bd6 27. Ka2 Re8 28. Be4 Be5 29. Qb4 Re6 30. Kb1 Rc6 31. d4 Bd6 32. Qb5 Bb8 33. Bg2 Rd6 34. Kc2 Rc6+ 35. Kd1 Qc8 36. Nb4 Rc1+ 37. Kd2 Qc3+ 38. Ke2 Re1# 0-1

[Event "Warsaw Maciei Memorial Blitz"]
[Site "Warsaw"]
[Date "2024.07.08"]
[Round "10"]
[White "Zareba, Piotr"]
[Black "Sanz Losada, Victoriano"]
[Result "0-1"]
[WhiteElo "2003"]
[BlackElo "2002"]
[PlyCount "112"]
[EventDate "2024.07.08"]
[EventType "swiss (blitz)"]
[EventRounds "11"]
[EventCountry "POL"]
[SourceTitle "CBM 221 Extra"]
[Source "ChessBase"]
[SourceDate "2024.09.30"]
[SourceVersion "1"]
[SourceVersionDate "2024.09.30"]
[SourceQuality "1"]

1. g3 e5 2. c3 d5 3. Bg2 c6 4. d4 e4 5. h3 Bd6 6. Bf4 Bxf4 7. gxf4 e3 8. fxe3 Qe7 9. Kd2 Bf5 10. c4 dxc4 11. Nc3 Nf6 12. a3 Nbd7 13. h4 0-0-0 14. Qa4 Nc5 15. Qxc4 Be6 16. Qb4 Nb3+ 17. Qxb3 Bxb3 18. Nf3 Rhe8 19. Ne5 Bd5 20. e4 Bxe4 21. Nxe4 Rxd4+ 22. Ke3 Rxe4+ 23. Bxe4 Nxe4 24. Kxe4 f6 25. Rae1 fxe5 26. f5 Qc5 27. Rd1 Qc2+ 28. Kf3 Qxf5+ 29. Kg2 Qg4+ 30. Kf2 Rf8+ 31. Ke1 Qg2 32. Kd2 Rd8+ 33. Kc1 Rxd1+ 34. Rxd1 Qxe2 35. Rd2 Qe1+ 36. Rd1 Qxh4 37. Kc2 Qe4+ 38. Kc1 g5 39. b3 g4 40. Kd2 g3 41. Re1 Qxe1+ 42. Kxe1 h5 43. Kf1 h4 44. Kg2 Kd7 45. b4 Ke6 46. a4 Kd5 47. b5 cxb5 48. axb5 e4 49. Kh3 e3 50. Kg2 Kd4 51. Kf1 h3 52. Kg1 a5 53. b6 a4 54. Kf1 Kd3 55. Ke1 a3 56. Kd1 h2 0-1

[Event "Lazy Baltic Pearl op-A 20th"]
[Site "Lazy"]
[Date "2024.06.30"]
[Round "9"]
[White "Zareba, Piotr"]
[Black "Czaja, Wiktor"]
[Result "1-0"]
[WhiteElo "2003"]
[BlackElo "1843"]
[PlyCount "77"]
[EventDate "2024.06.24"]
[EventType "swiss"]
[EventRounds "9"]
[EventCountry "POL"]
[SourceTitle "CBM 220 Extra"]
[Source "ChessBase"]
[SourceDate "2024.07.31"]
[SourceVersion "1"]
[SourceVersionDate "2024.07.31"]
[SourceQuality "1"]

1. b3 e5 2. Bb2 d6 3. c4 Nf6 4. g3 g6 5. Bg2 Bg7 6. d3 0-0 7. Nf3 e4 8. dxe4 Nxe4 9. Bxg7 Kxg7 10. Nbd2 Nc5 11. Nd4 Nbd7 12. 0-0 Qf6 13. e3 Ne5 14. b4 Na6 15. a3 c6 16. Ne4 Qe7 17. Nxd6 Bg4 18. f3 Be6 19. c5 Rad8 20. f4 Ng4 21. Qe2 Bc4 22. Qxc4 Qxe3+ 23. Kh1 Nf2+ 24. Rxf2 Qxf2 25. Rf1 Qb2 26. Nxc6 bxc6 27. Qxa6 h5 28. h4 Rd7 29. Qxc6 Re7 30. Qf3 Qd2 31. Ne4 Qa2 32. f5 gxf5 33. Qxf5 Re6 34. Qxh5 Qb2 35. Nd6 Rg6 36. Nf5+ Kf6 37. Qd1 Ke5 38. Qd5+ Kf6 39. Qd6# 1-0

[Event "Lazy Baltic Pearl op-A 20th"]
[Site "Lazy"]
[Date "2024.06.27"]
[Round "4"]
[White "Luczak, Filip"]
[Black "Zareba, Piotr"]
[Result "1-0"]
[WhiteElo "2280"]
[BlackElo "2003"]
[PlyCount "99"]
[EventDate "2024.06.24"]
[EventType "swiss"]
[EventRounds "9"]
[EventCountry "POL"]
[SourceTitle "CBM 220 Extra"]
[Source "ChessBase"]
[SourceDate "2024.07.31"]
[SourceVersion "1"]
[SourceVersionDate "2024.07.31"]
[SourceQuality "1"]

1. Nf3 Nf6 2. c4 c6 3. d4 d5 4. Nbd2 Bf5 5. Nh4 Be4 6. Qb3 Qc7 7. Nxe4 dxe4 8. g3 e6 9. Bf4 Qc8 10. f3 h6 11. fxe4 g5 12. Be5 Nbd7 13. Nf3 Nxe5 14. Nxe5 Bg7 15. Bg2 0-0 16. c5 Nd7 17. Nxd7 Qxd7 18. e3 b6 19. cxb6 Rab8 20. 0-0 Rxb6 21. Qc2 e5 22. d5 cxd5 23. exd5 e4 24. Qxe4 Rxb2 25. Rad1 Re8 26. Qd3 Rc8 27. Rf2 Rxf2 28. Kxf2 Rc3 29. Qe4 Ra3 30. d6 Rxa2+ 31. Kg1 Bf6 32. Qd5 Ra1 33. Rxa1 Bxa1 34. Bf1 Bf6 35. Bc4 h5 36. e4 h4 37. e5 Bd8 38. gxh4 gxh4 39. Qe4 Bb6+ 40. Kg2 h3+ 41. Kg3 Kg7 42. Bd3 f5 43. Qf4 Qb7 44. Kxh3 Qd5 45. Qxf5 Bd4 46. Qg6+ Kf8 47. Qh6+ Ke8 48. Bg6+ Kd7 49. Qh7+ Kd8 50. Qc7# 1-0

[Event "Lazy Baltic Pearl op-A 20th"]
[Site "Lazy"]
[Date "2024.06.24"]
[Round "1"]
[White "Zareba, Piotr"]
[Black "Koszowski, Krystian"]
[Result "1-0"]
[WhiteElo "2003"]
[BlackElo "1828"]
[PlyCount "119"]
[EventDate "2024.06.24"]
[EventType "swiss"]
[EventRounds "9"]
[EventCountry "POL"]
[SourceTitle "CBM 220 Extra"]
[Source "ChessBase"]
[SourceDate "2024.07.31"]
[SourceVersion "1"]
[SourceVersionDate "2024.07.31"]
[SourceQuality "1"]

1. d4 d5 2. Nf3 Nc6 3. Bf4 Nf6 4. h3 e6 5. e3 Bd6 6. c4 Bxf4 7. exf4 dxc4 8. Bxc4 0-0 9. 0-0 Qd6 10. Qd2 Rd8 11. Rd1 Nd5 12. Ne5 Nb6 13. Na3 Nxd4 14. Qe3 c5 15. Nb5 Qe7 16. Nxd4 cxd4 17. Rxd4 Nxc4 18. Rxc4 f6 19. Nf3 b6 20. Nd4 Bd7 21. Rac1 Rac8 22. Rc7 Rxc7 23. Rxc7 a6 24. Nc6 Qd6 25. Qxb6 Rc8 26. Rxc8+ Bxc8 27. Qd8+ Qxd8 28. Nxd8 Kf8 29. Nc6 Bb7 30. Nd4 Ke7 31. f3 Bd5 32. b3 Kd6 33. Kf2 Kc5 34. Nc2 f5 35. Ke3 Bc6 36. Nd4 Bd7 37. Kd3 Kb4 38. Nc2+ Kc5 39. Kc3 Bc6 40. Ne3 Bb7 41. a4 Bc6 42. Nc4 Kd5 43. Ne5 Be8 44. Kb4 Kd4 45. Ka5 g5 46. g3 gxf4 47. gxf4 Ke3 48. Kxa6 Kxf4 49. Nc4 Kxf3 50. Kb6 Ke4 51. Nd6+ Ke5 52. Nxe8 f4 53. Ng7 f3 54. Nh5 f2 55. Ng3 Kf4 56. Nf1 e5 57. Kc5 Kf3 58. Kd5 e4 59. Kd4 Ke2 60. Ne3 1-0

[Event "POL-ch Rapid U18"]
[Site "Bydgoszcz"]
[Date "2023.08.30"]
[Round "10"]
[White "Zareba, Piotr"]
[Black "Suska, Szymon"]
[Result "0-1"]
[WhiteElo "1877"]
[BlackElo "1777"]
[PlyCount "150"]
[EventDate "2023.08.28"]
[EventType "swiss"]
[EventRounds "11"]
[EventCountry "POL"]
[SourceTitle "CBM 216 Extra"]
[Source "ChessBase"]
[SourceDate "2023.11.30"]
[SourceVersion "1"]
[SourceVersionDate "2023.11.30"]
[SourceQuality "1"]

1. e4 c5 2. Nf3 Nc6 3. d4 cxd4 4. Nxd4 g6 5. Nc3 Bg7 6. Nxc6 bxc6 7. Bc4 d6 8. 0-0 Nf6 9. e5 dxe5 10. Qxd8+ Kxd8 11. Re1 Bf5 12. f3 h5 13. Bg5 Kc7 14. Rxe5 e6 15. Bf4 Kb7 16. Re2 Nd5 17. Bg3 h4 18. Bf2 Nxc3 19. bxc3 Bxc3 20. Rb1+ Kc7 21. Rb3 Bf6 22. Be1 Bd4+ 23. Kh1 Rad8 24. h3 Bb6 25. a4 Rd4 26. a5 Rxc4 27. axb6+ axb6 28. Bc3 Rd8 29. Be5+ Kb7 30. c3 Rd1+ 31. Kh2 Ra4 32. Bf6 b5 33. Reb2 e5 34. Rb4 Rxb4 35. cxb4 e4 36. fxe4 Bxe4 37. Bxh4 f5 38. Bf2 Rd7 39. Bc5 Bd5 40. Rb1 Be4 41. Rb2 Bd5 42. Rb1 Be4 43. Rb2 Kc8 44. Kg3 g5 45. Ra2 Rd3+ 46. Kh2 Kd7 47. Kg1 Ke6 48. Kf2 Ke5 49. Rb2 g4 50. hxg4 fxg4 51. Ba7 Ra3 52. Bb8+ Kd5 53. g3 Rd3 54. Bf4 c5 55. bxc5 Kxc5 56. Be3+ Kc4 57. Bd2 Rf3+ 58. Ke1 Bd3 59. Rb4+ Kc5 60. Rf4 Rxg3 61. Bb4+ Kd5 62. Kd2 Be4 63. Rf8 Kd4 64. Rd8+ Bd5 65. Kc2 Rg2+ 66. Bd2 b4 67. Kc1 b3 68. Rb8 Kd3 69. Ba5 g3 70. Kb1 Rc2 71. Rd8 Rc5 72. Bb6 Rb5 73. Bc7 g2 74. Bh2 b2 75. Rf8 Ba2+ 0-1

[Event "POL-ch Rapid U18"]
[Site "Bydgoszcz"]
[Date "2023.08.29"]
[Round "4"]
[White "Niesporek, Franciszek"]
[Black "Zareba, Piotr"]
[Result "1/2-1/2"]
[WhiteElo "1682"]
[BlackElo "1877"]
[PlyCount "114"]
[EventDate "2023.08.28"]
[EventType "swiss"]
[EventRounds "11"]
[EventCountry "POL"]
[SourceTitle "CBM 216 Extra"]
[Source "ChessBase"]
[SourceDate "2023.11.30"]
[SourceVersion "1"]
[SourceVersionDate "2023.11.30"]
[SourceQuality "1"]

1. e4 c5 2. c3 Nf6 3. e5 Nd5 4. Nf3 Nc6 5. Bc4 Nb6 6. Bb3 c4 7. Bc2 Qc7 8. 0-0 Nxe5 9. Nxe5 Qxe5 10. Re1 Qc7 11. a4 d5 12. Qf3 Nd7 13. Qxd5 Nf6 14. Qe5 Qxe5 15. Rxe5 e6 16. Na3 Bxa3 17. Rxa3 Bd7 18. Rc5 Rc8 19. Rxc8+ Bxc8 20. a5 e5 21. Ra4 Be6 22. Rb4 Bd5 23. d3 cxd3 24. Bxd3 Ke7 25. Be3 a6 26. Bc5+ Kd8 27. f3 Nd7 28. Be3 Kc7 29. Kf2 g6 30. f4 Re8 31. fxe5 Nxe5 32. Be2 f5 33. Bb6+ Kc8 34. Rd4 Bc6 35. h3 Nd7 36. Bf3 Bxf3 37. Kxf3 Re6 38. Rc4+ Kb8 39. Bc7+ Ka7 40. Bg3 Ne5+ 41. Bxe5 Rxe5 42. b4 Re7 43. h4 b6 44. axb6+ Kxb6 45. Rc5 Re4 46. h5 gxh5 47. Rxf5 Rc4 48. Rxh5 Rxc3+ 49. Ke2 Rc2+ 50. Kd3 Rxg2 51. Rxh7 Kb5 52. Rb7+ Kc6 53. Rb8 Rg3+ 54. Kc4 Rg4+ 55. Kb3 Rg7 56. Kc4 Rg4+ 57. Kb3 Kd5 1/2-1/2

[Event "POL-ch Rapid U18"]
[Site "Bydgoszcz"]
[Date "2023.08.29"]
[Round "3"]
[White "Zareba, Piotr"]
[Black "Jaszczuk, Piotr"]
[Result "1-0"]
[WhiteElo "1877"]
[BlackElo "1637"]
[PlyCount "107"]
[EventDate "2023.08.28"]
[EventType "swiss"]
[EventRounds "11"]
[EventCountry "POL"]
[SourceTitle "CBM 216 Extra"]
[Source "ChessBase"]
[SourceDate "2023.11.30"]
[SourceVersion "1"]
[SourceVersionDate "2023.11.30"]
[SourceQuality "1"]

1. e4 c5 2. Nf3 Nc6 3. d4 cxd4 4. Nxd4 Nf6 5. Nc3 e5 6. Ndb5 d6 7. Bg5 a6 8. Na3 b5 9. Nd5 Be7 10. Bxf6 Bxf6 11. c3 0-0 12. Nc2 Rb8 13. g3 Bg5 14. Bg2 Ne7 15. Ncb4 Bb7 16. 0-0 a5 17. Nxe7+ Qxe7 18. Nd5 Bxd5 19. Qxd5 Rfd8 20. Rad1 Qa7 21. Kh1 Bf6 22. Rd2 h6 23. Bh3 b4 24. c4 Rb7 25. b3 Rc7 26. Qd3 Rc5 27. Qe2 Qb7 28. Rfd1 Qc6 29. Rd5 Be7 30. R1d3 Rf8 31. Bg4 Qb6 32. h4 Ra8 33. Rd2 a4 34. Kg2 axb3 35. axb3 Ra3 36. Qd1 Qc6 37. R2d3 Ra2 38. h5 Qb6 39. Qf3 Rb2 40. Bd7 Rxd5 41. Rxd5 Qa7 42. Ba4 Qc7 43. Be8 Bf8 44. Ba4 Qe7 45. Qf5 Qa7 46. Rd3 Be7 47. Rf3 Bf6 48. Qc8+ Kh7 49. Bd7 Rd2 50. Bf5+ g6 51. hxg6+ fxg6 52. Be6 Qg7 53. Rxf6 h5 54. Rf7 1-0